|
|
|
|
| LEADER |
01706nam a22004217a 4500 |
| 001 |
37778 |
| 003 |
BD-DhAAL |
| 005 |
20220222112231.0 |
| 008 |
220222r19711969enka b 000 0 eng d |
| 999 |
|
|
|c 43551
|d 43551
|
| 010 |
|
|
|a 71883931
|
| 015 |
|
|
|a B71-06698
|
| 020 |
|
|
|a 0140800948
|
| 040 |
|
|
|a DLC
|c DLC
|d DLC
|d BD-DhAAL
|
| 050 |
0 |
0 |
|a LB1631
|b .B29 1971
|
| 082 |
0 |
0 |
|a 373.13
|
| 100 |
1 |
|
|a Barnes, Douglas R.
|9 45960
|
| 245 |
1 |
0 |
|a Language, the learner and the school :
|c a research report by Douglas Barnes; with a contribution by James Britton and a discussion document prepared by Harold Rosen on behalf of the London Association for the Teaching of English.
|
| 250 |
|
|
|a Revised edition
|
| 260 |
|
|
|a Harmondsworth,
|b Penguin,
|c 1969 [reprinted 1971].
|
| 300 |
|
|
|a 3-168 pages :
|b illustrations ;
|c 19 cm.
|
| 350 |
|
|
|a £0.30
|
| 490 |
0 |
|
|a Penguin education
|
| 490 |
0 |
|
|a Penguin papers in education
|
| 504 |
|
|
|a Includes bibliographical references.
|
| 526 |
|
|
|a BIED
|
| 541 |
|
|
|a Complimentary copy from BIED
|e 37778
|
| 650 |
|
0 |
|a Language arts (Secondary).
|9 45961
|
| 650 |
|
0 |
|a Oral communication.
|9 45962
|
| 650 |
|
0 |
|a Education.
|9 45963
|
| 700 |
1 |
|
|a Britton, James N.
|9 45964
|
| 700 |
1 |
|
|a Rosen, Harold.
|9 45965
|
| 710 |
2 |
|
|a London Association for the Teaching of English.
|9 45966
|
| 830 |
|
|
|a Penguin education
|9 45967
|
| 830 |
|
|
|a Penguin papers in education
|9 45968
|
| 852 |
|
|
|a Ayesha Abed Library
|c BIED Collection
|
| 942 |
|
|
|2 ddc
|c BK
|
| 952 |
|
|
|0 0
|1 0
|2 ddc
|4 0
|6 373_130000000000000_BAR
|7 0
|9 69853
|a BRACUL
|b BRACUL
|c GEN
|d 2022-02-22
|e Complimentary copy from BIED
|l 1
|o 373.13 BAR
|p 3010037778
|r 2023-02-01
|s 2023-01-17
|t 1
|w 2022-02-22
|y BK
|x Transferred from BIED to General Stacks
|